000 00265nam a2200133Ia 4500
100 _aRussian
942 _cBK
654 _aLathe
245 _aElements of Lathe Work
260 _bPeace publishers
_c2001
082 _a621.9
300 _a442
546 _aENGLISH
999 _c26349
_d26349